000 00889nam0a22002531 4500
001 rc\927813
005 20250622044701.0
035 _a(NLR Aleph) 006101399
090 _a5262757
_c5262757
100 _a20041129d1982 |||y0rusy50 ca
101 0 _arus
102 _aRU
105 _ay |||||||||
200 1 _aВажное звено партийного руководства
_fВ.И. Лукьяненко, Н.П. Кирияк, Л.Н. Алисова
210 _aКишинев
_cКартя молдовеняскэ
_d1982
215 _a211 с.
_d21
700 1 _aЛукьяненко
_bВ.И.
_gВалентина Ивановна
701 1 _aКирияк
_bН.П.
_gНелля Павловна
701 1 _aАлисова
_bЛ.Н.
_gЛюбовь Николаевна
801 0 _aRU
_bNLR
_gpsbo
801 1 _aRU
_bELAR
_2rusmarc
852 _aNLR
_j83-3/3148
942 _cBOOK
980 _aNB